000 00509nam a22001697a 4500
005 20251108165847.0
008 250721s1986 xx 000 0 ara d
082 1 4 _aق/حمد
100 1 _aعمارة، حمدي
245 1 0 _aهذا الصبي /
264 1 _aالقاهرة :
_bالهيئة المصرية العامة للكتاب،
_c1986.
300 _a127ص
490 0 _aالإبداع العربي : قصص قصيرة
650 1 7 _aالقصص العربية
942 _2ddc
_cBK
999 _c33204
_d33204